Drapeau de pays sans étoiles - Statistiques

Statistiques générales
  • Ce quiz a été pris 473 fois
  • Le résultat moyen est 13 sur 16
Statistiques - réponses
Par images Réponse % Correct
Panama
97%
République démocratique du Congo
96%
Israël
95%
Bosnie-Herzégovine
93%
Chili
93%
Cameroun
91%
Sénégal
86%
Syrie
81%
Venezuela
80%
Honduras
79%
Djibouti
75%
Suriname
75%
Ghana
71%
Samoa
71%
Timor Oriental
66%
Birmanie
60%
Aucun quiz correspondant
Distribution des résultats
% des personnes avec chaque résultat
Percentile par nombre de réponses
Votre historique - résultats
Vous n’avez pas pris ce quiz